LEADER 02139nam a2200385 a 4500 001 000000142758 003 CaOOAMICUS 005 20150413113800.0 008 150413m19821984it u000 u lat r 040 $aPUL$bita 041 0 $alat$aita 245 00$aActa S. Officii Bononie ab anno 1291 usque ad annum 1310 /$ca cura di Lorenzo Paolini e Raniero Orioli ; con prefazione di Ovidio Capitani. 260 $aRoma :$bNella sede dell'Istituto, Palazzo Borromini,$c1982-1984. 300 $a3 v. ;$c25 cm 490 1 $aFonti per la storia d'Italia pubblicate dall'Istituto storico italiano per il Medio Evo ;$v106 500 $aNell'occh.: Istituto storico italiano per il Medio Evo. 505 0 $aV. 3. Indici. 546 $aIntroduzione in italiano, testo in latino. 650 4$aInquisizione$zItalia$zBologna$xFonti.$0(OLS)http://pul/subject/41565 700 1 $aPaolini, Lorenzo.$0(OLS)http://pul/name/1153 700 1 $aCapitani, Ovidio,$d1930-2012.$0(OLS)http://pul/name/1205 700 1 $aOrioli, Raniero.$0(OLS)http://pul/name/18001 710 2 $aIstituto storico italiano per il Medio Evo (Roma).$0(OLS)http://pul/name/3115 830 0$aFonti per la storia d'Italia pubblicate dall'Istituto storico italiano per il Medio Evo ;$v106.$0(OLS)http://pul/title/180188 850 $aPUL 852 $aPUL$W1$xDP1 Fondo Capitani$y116$m11 A 10.106.1$j164633$av. 1$qFondi$B164899$CPULBib$Z2$F164899 $HCap2648 $82 852 $aPUL$W1$xDP1 Fondo Capitani$y116$m11 A 10.106.2$j164634$av. 2$qFondi$B164900$CPULBib$Z2$F164900 $HCap2649 $82 852 $aPUL$W1$xDP1 Fondo Capitani$y116$m11 A 10.106.3$j164635$av. 3$qFondi$B164901$CPULBib$Z2$F164901 $HCap2650 $82 941 1 $a1 961 $aNota ms. di possesso: Capitani. 961 $aNota ms. di possesso: Capitani. 961 $aNota ms. di possesso: Capitani. 996 $6245$aActa S. Officii Bononie ab anno 1291 usque ad annum 1310$9(OLS)http://pul/title/180711 996 $6260$aRoma :$bNella sede dell'Istituto, Palazzo Borromini$9(OLS)http://pul/publisher/53783 LEADER 01642nam a2200301 a 4500 001 000000156711 003 CaOOAMICUS 005 20161124185102.0 008 161124s1998 it u000 u spa r 032 $aLibriCat 040 $aPUL$bita 100 1 $aBalderrama, Jorge Herbas.$0(OLS)http://pul/name/99949 245 13$aLa colaboración de los religiosos misioneros con los ordinarios del lugar en America Latina : $bpresupuestos teológico-jurídicos y pastorales / $cJorge Herbas Balderrama . 260 $aRomae :$b[s.n.],$c1998. 300 $axxxix, 247 p. ; $c24 cm. 502 $aTesi -- Pontificium Athenaeum Antonianum. Facultas Juris Canonici. 1998. 504 $aBibliografia in nota. 651 4$aAmerica Latina$xStoria ecclesiastica.$0(OLS)http://pul/subject/22385 710 2 $aPontificio Ateneo Antoniano.$bFacoltà di Diritto Canonico.$kTesi.$0(OLS)http://pul/name/99826 850 $aPUL 852 $aPUL$W1$xDP1 Tesi Pon. At. Antonianum$y30$mTH ANT IUS117$j179998$qTesi$B183121$CPULBib$Z2$F183121 $H78602 $82 910 $aPontificia Università Antonianum.$bFacoltà di diritto canonico.$kTesi$999826 910 $aPontificia Università Antonianum.$bFacoltà di diritto canonico.$kTesi$999826 910 $aPontificium Athenaeum Antonianum.$bFacultas Iuris Canonici$kTesi$999826 941 1 $a16 996 $6245$aLa colaboración de los religiosos misioneros con los ordinarios del lugar en America Latina : $bpresupuestos teológico-jurídicos y pastorales / $9(OLS)http://pul/title/196322 996 $6260$aRomae :$b[s.n.]$9(OLS)http://pul/publisher/48223